000 00617nam a22001937a 4500
999 _c191653
_d191653
005 20220831121854.0
010 _aUR-11691
020 _a9789392496523
_c300.00
035 _aU-10246
037 _bDBAD/PUB
_a-
082 _aک
100 _aمشتاق احمد وانی
245 _aآج میں کل تو /
_cمشتاق احمد وانی
_hا ر د و
246 _aAaj Main Kal Tu /
_bby Mushtaq Ahmed Wani
260 _aNew Delhi
_bEducational Publishing House
_c2021 ء
270 _aH.O. D1/16, Ansari Road, Darya Ganj
_bNew Delhi
_e110002
300 _a192 ص
_c23cm(Hb)
942 _2ddc
_cUR
_hک
_mم ش ت